00711nam a2200241 a 4500001001300000003000900013005001700022008004100039020001000080082001700090100002600107245001800133260003500151300000900186500003500195505004700230650001800277700002600295902000800321942000700329952011800336999001500454nice12345678IN_TiNIC20260116012535.0050524s1910 luca grp 000 0 urd  ac10000a953.02bWAQ1 aWaqidi, Mohd Bin Omar aGhazwa-I-Arab aLucknow bNaval Kishore c1910 a315p aincludes index and biblioraphy2 aFoot notes by Maulana Maulvi Ilahi Bakhsh. aIslam-History1 aWaqidi, Mohd Bin Omar bSRS cBK 001040708StackRoom-aHMIbHMId2007-04-02g100.00l0o953.02 WAQ1p011771r2007-04-02v100.00w2005-05-24yBK c7409d7409